| Tag |
First Indicator |
Second Indicator |
Subfields |
| LEADER |
00000cam a2200000 4500 |
| 001 |
in00000217213 |
| 005 |
20151009073720.0 |
| 008 |
740813s1964 mouab 00010 eng |
| 010 |
|
|
|a 64064978
|
| 035 |
|
|
|a (OCoLC)00976862
|
| 035 |
|
|
|9 AAZ1272AM
|
| 040 |
|
|
|c TOL
|d TXA
|d UtOrBLW
|
| 049 |
|
|
|a TXAM
|c [653038]
|
| 050 |
0 |
0 |
|a HC107.M8
|b M47 no. 1
|
| 100 |
1 |
|
|a Junk, Paul Edwin,
|d 1929-
|
| 245 |
1 |
2 |
|a A fiscal profile of Missouri /
|c [by] Paul E. Junk.
|
| 264 |
|
1 |
|a Columbia :
|b Research Center, School of Business and Public Administration, University of Missouri,
|c 1964.
|
| 300 |
|
|
|a 40 pages :
|b illustrations, map (on pages [2] of cover) ;
|c 26 cm.
|
| 336 |
|
|
|a text
|b txt
|2 rdacontent
|
| 337 |
|
|
|a unmediated
|b n
|2 rdamedia
|
| 338 |
|
|
|a volume
|b nc
|2 rdacarrier
|
| 490 |
1 |
|
|a Missouri economy study,
|v no. 1
|
| 650 |
|
0 |
|a Finance, Public
|z Missouri.
|
| 830 |
|
0 |
|a Missouri economy study ;
|v no. 1.
|
| 999 |
|
|
|a MARS
|
| 999 |
f |
f |
|s d2876f84-a9b1-3308-a900-9a212e680250
|i cd6cb829-0cb0-36b1-a23d-a97578d49caa
|t 0
|
| 952 |
f |
f |
|p ric
|a Texas A&M University
|b Rellis Campus
|c Joint Library Facility
|d Remote Storage
|t 0
|e HC107.M8 M47 no. 1
|h Library of Congress classification
|i unmediated -- volume
|m A14802577270
|
| 998 |
f |
f |
|a HC107.M8 M47 no. 1
|t 0
|l Remote Storage
|